| 000 | 00429nam a2200181Ia 4500 | ||
|---|---|---|---|
| 001 | 7711 | ||
| 005 | 20260306160515.0 | ||
| 008 | 260306t2002||||xx |||||||||||||| ||spa|| | ||
| 041 | _aESP | ||
| 082 |
_a354.36 _bB17 |
||
| 100 |
_aBalairón Pérez, Luis, _eAUT |
||
| 245 | 0 | _aGestión de recursos hídricos | |
| 260 | _c2002 | ||
| 300 |
_a488 páginas : _c26 cm. |
||
| 650 | _aGEN | ||
| 654 | _aCIA | ||
| 942 |
_cLIB _dJUS _fJUS _2ddc _n |
||
| 999 |
_c7711 _d7711 |
||